|
|
|
|
| LEADER |
00762nam a2200193Ia 4500 |
| 008 |
240829s9999 xx 000 0 und d |
| 040 |
|
|
|a BIBLIOTECA-RUSB/ Ref 658.31244 N583
|
| 041 |
|
|
|a spa
|
| 082 |
|
|
|a Ref 658.31244 N583
|
| 100 |
1 |
|
|a Sistema Nacional para la Prevención, Mitigación y Atención de Desastres en Nicaragua
|
| 245 |
1 |
0 |
|a Memoria histórica proyecto : Formación de Recursos Humanos para la Integración del SINAPRED fase II. Lecciones de la Experiencia
|
| 260 |
|
|
|a Managua
|b SINAPRED/PNUD/COSUDE
|c 2004
|
| 300 |
|
|
|a 78 p. :il.
|
| 650 |
7 |
|
|a ADIESTRAMIENTO - RECURSOS HUMANOS - SINAPRED
|
| 650 |
7 |
|
|b ESTRATEGIA DE CAPACITACION SINAPRED
|
| 650 |
7 |
|
|c FORMACION DE RECURSOS HUMANOS - SINAPRED
|
| 942 |
|
|
|c BK
|2 ddc
|
| 991 |
|
|
|a TEXTO
|
| 999 |
|
|
|c 6216
|